000 00533nam a2200193Ia 4500
005 20250326142922.0
008 250326s9999 xx 000 0 und d
020 _a0-8264-4832-1
037 _aTextbook
040 _aFMSL
_beng
_cFMSL
041 _aeng
_2eng
084 _aX:51obU8 P0
_qFMSL
100 _aMawson S
_9746893
245 0 _aFundamentals of hospitality marketing
_cMawson S
260 _aLondon
_bLondon, Continuum
_c2000
300 _a128p
942 _cTB
_hX:51obU8 P0
999 _c1297266
_d1297266